La Guía de Incafo de las plantas útiles y venenosas de la Península Ibérica y Baleares (excluídas medicinales) / (Record no. 8577)

MARC details
000 -LEADER
campo de control de longitud fija 00873nam a2200253 i 4500
001 - NÚMERO DE CONTROL
campo de control 8577
003 - IDENTIFICADOR DE NÚMERO DE CONTROL
campo de control ES-MaACL
005 - FECHA Y HORA DE LA ÚLTIMA TRANSACCIÓN
campo de control 20230906145505.0
007 - CAMPO FIJO DE DESCRIPCIÓN FÍSICA--INFORMACIÓN GENERAL
campo de control de longitud fija t|
008 - DATOS DE LONGITUD FIJA--INFORMACIÓN GENERAL
campo de control de longitud fija 920715s1991 sp ||||1| spa d
020 ## - NÚMERO INTERNACIONAL ESTÁNDAR DEL LIBRO
Número Internacional Estándar del Libro 84-85389-83-2
080 ## - NÚMERO DE LA CLASIFICACIÓN DECIMAL UNIVERSAL
Número de la Clasificación Decimal Universal 582(46)
100 1# - ENTRADA PRINCIPAL--NOMBRE DE PERSONA
Nombre de persona Rivera Núñez, Diego.
9 (RLIN) 97661
245 13 - MENCIÓN DEL TÍTULO
Título La Guía de Incafo de las plantas útiles y venenosas de la Península Ibérica y Baleares (excluídas medicinales) /
Mención de responsabilidad, etc. Diego Rivera Núñez, Concepción Obón de Castro.
250 ## - MENCION DE EDICION
Mención de edición 1ª ed.
260 ## - PUBLICACIÓN, DISTRIBUCIÓN, ETC.
Lugar de publicación, distribución, etc. Madrid :
Nombre del editor, distribuidor, etc. Incafo,
Fecha de publicación, distribución, etc. 1991.
300 ## - DESCRIPCIÓN FÍSICA
Extensión 1257 p. :
Otras características físicas il. ;
Dimensiones 20 cm.
490 1# - MENCIÓN DE SERIE
Mención de serie Las Guías verdes de Incafo ;
Designación de volumen o secuencia 7
650 14 - PUNTO DE ACCESO ADICIONAL DE MATERIA--TÉRMINO DE MATERIA
Término de materia o nombre geográfico como elemento de entrada Plantas-
Subdivisión geográfica España-
Subdivisión general Guías.
9 (RLIN) 16112
700 1# - ENTRADA AGREGADA--NOMBRE PERSONAL
Nombre de persona Obón de Castro, Concepción.
9 (RLIN) 86416
830 0# - PUNTO DE ACCESO ADICIONAL DE SERIE-TÍTULO UNIFORME
Título uniforme Las Guías verdes de Incafo ;
Designación de volumen o secuencia 7
9 (RLIN) 178190
852 ## - LOCALIZACIÓN
Ubicación ES-MaACL
Número de control de estantería L-15976
Sublocalización o colección R.120629
Holdings
Estatus retirado Estado de pérdida Estado de daño No para préstamo Biblioteca de origen Biblioteca actual Ubicación en estantería Fecha de adquisición Fuente de adquisición Total de préstamos Signatura topográfica completa Código de barras Visto por última vez Precio de reemplazo Tipo de ítem Koha
        Biblioteca del Ateneo de Madrid Biblioteca del Ateneo de Madrid Depósito 2 17/01/2008     L-15976 1008761 23/02/2023 23/02/2023 Libro impreso